Kempegowda International Airport Destinations (Bengaluru, India) - Statistics

General Stats
  • This quiz has been taken 136 times
    25 since last reset
  • The average score is 66 of 117
Answer Stats
Airline Destination % Correct
Air India Express/Akasa Air/Etihad Airlines/IndiGo Abu Dhabi
100%
Ethiopian Airlines Addis Ababa
100%
KLM Amsterdam
100%
Gulf Air Bahrain
100%
Thai AirAsia/Thai Lion Air Bangkok (Don Mueang)
100%
Air India Express/IndiGo/Thai Airways International Bangkok (Suvarnabhumi)
100%
IndiGo/Qatar Airways Doha
100%
Emirates/IndiGo Dubai (International)
100%
Lufthansa Frankfurt
100%
Vietnam Airlines Hanoi
100%
VietJet Air Ho Chi Minh City
100%
Air India Express/Nepal Airlines Kathmandu
100%
Air India Express/Jazeera Airways/Kuwait Airways Kuwait City
100%
Air India/British Airways/Virgin Atlantic London (Heathrow)
100%
Lufthansa Munich
100%
Oman Air/SalamAir Muscat
100%
Air France Paris (Charles de Gaulle)
100%
IndiGo/Singapore Airlines Singapore
100%
Air India Express/Akasa Air/IndiGo/Star Air Ahmedabad
94%
Air India Express/Akasa Air/IndiGo/SpiceJet Chennai
94%
IndiGo/SriLankan Airlines Colombo (Bandaranaike)
94%
Cathay Pacific Hong Kong
94%
Air India Express/Akasa Air/IndiGo/Saudia Jeddah
94%
Air India Express/Akasa Air/IndiGo Kolkata
94%
AirAsia/Batik Air Malaysia/IndiGo/Malaysia Airlines Kuala Lumpur (International)
94%
Qantas Sydney
94%
Japan Airlines Tokyo (Narita)
94%
Air India/Air India Express/Akasa Air/IndiGo/SpiceJet Delhi
88%
Air India Express/IndiGo Goa (Dabolim)
88%
Air India Express/IndiGo Goa (Mopa)
88%
Air India Express/Akasa Air/Alliance Air/IndiGo/Star Air Hyderabad
88%
Air India Express/IndiGo Riyadh
88%
IndiGo Agra
82%
Air India Express Dammam
82%
Air India Express/IndiGo Jaipur
82%
Air India Express/Alliance Air/IndiGo Kochi
82%
Air India Express/IndiGo Mumbai (Navi)
82%
Air India/Akasa Air/IndiGo Mumbai (Shivaji)
82%
IndiGo Denpasar
76%
Air India Express/Akasa Air/IndiGo Lucknow
76%
Air India Express/IndiGo/Star Air Nagpur
71%
Air Arabia Sharjah
71%
Air India Express/IndiGo Amritsar
65%
Air India Express/Akasa Air/IndiGo Kozhikode
65%
IndiGo Malé
65%
Akasa Air/IndiGo Phuket
65%
Air India Express/Akasa Air/IndiGo Pune
65%
IndiGo Bhopal
59%
Air India Express/IndiGo Jodhpur
59%
IndiGo Mauritius
59%
Air India Express/IndiGo Chandigarh
53%
IndiGo Coimbatore
53%
Air India Express/Akasa Air/IndiGo Guwahati
53%
Air India Express/IndiGo/Star Air Indore
53%
Air India Express/IndiGo Madurai
53%
Air India Express/IndiGo Port Blair
53%
Air India San Francisco
53%
Air India Express/IndiGo Surat
53%
Air India Express/Akasa Air/IndiGo Varanasi
53%
Air India Express/IndiGo Vijayawada
53%
Air India Express/IndiGo Dehradun
47%
IndiGo Nashik
47%
Air India Express/IndiGo Patna
47%
IndiGo Rajkot
47%
Air India Express/Akasa Air/IndiGo Siliguri
47%
Air India Express/IndiGo Thiruvananthapuram
47%
Air India Express/IndiGo Udaipur
47%
IndiGo Vadodara
47%
Air India Express/IndiGo Visakhapatnam
47%
Akasa Air/IndiGo Agartala
41%
Air India Express/Akasa Air/IndiGo Bhubaneswar
41%
Air India Express/IndiGo Jammu
41%
IndiGo Kanpur
41%
IndiGo Krabi
41%
IndiGo Pondicherry
41%
IndiGo Prayagraj
41%
IndiGo Raipur
41%
Air India Express/IndiGo Srinagar
41%
Akasa Air/IndiGo Gorakhpur
35%
Star Air Jamnagar
35%
Air India Express/IndiGo Kannur
35%
Star Air Nanded
35%
Air India Express/IndiGo Ranchi
35%
IndiGo/SpiceJet Shirdi
35%
Air India Express/IndiGo Tiruchirappalli
35%
IndiGo Bareilly
29%
Air India Express Gwalior
29%
IndiGo Hubli
29%
IndiGo/Star Air Kolhapur
29%
Air India Express/IndiGo Mangaluru
29%
Alliance Air/IndiGo Salem
29%
IndiGo Agatti
24%
IndiGo Aurangabad
24%
Air India Express/Akasa Air/IndiGo Ayodhya
24%
Akasa Air Bagdogra
24%
IndiGo/Star Air Belgaum
24%
SpiceJet Darbhanga
24%
IndiGo Dibrugarh
24%
IndiGo Durgapur
24%
Air India Express/IndiGo Ghaziabad
24%
IndiGo Jabalpur
24%
IndiGo Jaisalmer
24%
IndiGo Langkawi
24%
IndiGo/Star Air Tirupati
24%
IndiGo Kurnool
18%
IndiGo Rajahmundry
18%
Fly91 Sindhudurg
18%
IndiGo/SpiceJet Tuticorin
18%
Alliance Air/Star Air Vidyanagar
18%
Star Air Bidar
12%
IndiGo Deoghar
12%
Star Air Jalandhar
12%
IndiGo Shimoga
12%
Star Air Solapur
12%
Nepal Airlines Bhairahawa
6%
Alliance Air/Star Air Gulbarga
6%
IndiGo/Star Air Jharsuguda
6%
No matching quizzes found
Score Distribution
Percent of People with Each Score
Percentile by Number Answered
Your Score History
You have not taken this quiz since the last reset